The merchant of marvels and the peddler of dreams / (Record no. 7676)

MARC details
000 -LEADER
fixed length control field 00924nam a22002657a 4500
001 - CONTROL NUMBER
control field 7676
003 - CONTROL NUMBER IDENTIFIER
control field FISKH
005 - DATE AND TIME OF LATEST TRANSACTION
control field 20250808151200.0
008 - FIXED-LENGTH DATA ELEMENTS--GENERAL INFORMATION
fixed length control field 250730b cb ||||| |||| 00| 0 eng d
020 ## - INTERNATIONAL STANDARD BOOK NUMBER
International Standard Book Number 9780811832946
040 ## - CATALOGING SOURCE
Original cataloging agency FISKH
Language of cataloging eng
Transcribing agency FISKH
Modifying agency FISKH
050 ## - LIBRARY OF CONGRESS CALL NUMBER
Classification number PZ7.C59016 M
082 ## - DEWEY DECIMAL CLASSIFICATION NUMBER
Classification number 843.914
100 ## - MAIN ENTRY--PERSONAL NAME
Personal name Clement, Frederic
245 ## - TITLE STATEMENT
Title The merchant of marvels and the peddler of dreams /
Statement of responsibility, etc. By Frederic Clement
250 ## - EDITION STATEMENT
Edition statement This edition published in 2001
260 ## - PUBLICATION, DISTRIBUTION, ETC.
Place of publication, distribution, etc. San Francisco :
Name of publisher, distributor, etc. Chronicle Books ,
Date of publication, distribution, etc. 1995.
300 ## - PHYSICAL DESCRIPTION
Extent 61 pages :
Other physical details illustrations ;
Dimensions 23 cm .
520 ## - SUMMARY, ETC.
Summary, etc. Frederick the peddler of dreams searches for the perfect gift for his friend Alice, the merchant of marvels, and finally finds the best thing that he could ever give her.
650 ## - SUBJECT ADDED ENTRY--TOPICAL TERM
Topical term or geographic name entry element Collage
Form subdivision Fiction
650 ## - SUBJECT ADDED ENTRY--TOPICAL TERM
Topical term or geographic name entry element Art book
Form subdivision Fiction
700 ## - ADDED ENTRY--PERSONAL NAME
Personal name Rad, Azi
Relator term Cover Designer
942 ## - ADDED ENTRY ELEMENTS (KOHA)
Source of classification or shelving scheme Dewey Decimal Classification
Koha item type Books
Suppress in OPAC No
Holdings
Withdrawn status Lost status Source of classification or shelving scheme Damaged status Not for loan Collection Home library Current library Shelving location Date acquired Total Checkouts Full call number Barcode Date last seen Price effective from Koha item type Copy number
    Dewey Decimal Classification     Fiction Footprints International School Library Network Toul Tom Poung Campus Footprints International School Library Network Toul Tom Poung Campus TTP Secondary Fiction Bookshelves 07/30/2025   CLE 843.914 PZ7.C59016 M FIS03059 07/30/2025 07/30/2025 Books  
    Dewey Decimal Classification     Fiction Footprints International School Library Network Toul Tom Poung Campus Footprints International School Library Network Toul Tom Poung Campus TTP Secondary Fiction Bookshelves 08/08/2025   CLE 843.914 PZ7.C59016 M FIS03030 08/08/2025 08/08/2025 Books 2